000 00939nam a2200289 a 4500
001 000046781
003 DO-SdBNP
005 20240302073951.0
007 ta
008 110204s2014 dr a 000 0 spa d
020 _a9789945468397
040 _aDO-SdBNP
_bspa
_cBNPHU
082 _axxx
_bT231C, 2014
_222
100 1 _aCassá, Roberto,
_d1948-
_910888
245 1 0 _aManuel Aurelio Tavárez Justo :
_blíder de la juventud /
_cRoberto Cassá ; ilustraciones José Mercader.
250 _a4a ed.
260 _aSanto Domingo :
_bTobogan,
_fAlfa y Omega,
_c2014.
300 _a86 P. :
_bil. ;
_c22 cm.
490 1 _aBiografías dominicanas Tobogán ;
500 _aIncluye datos biografícos del autor y del ilustrador.
504 _aBibliografía : P. 83-84
590 _aInventariado, 2018/ YL
700 1 _aMercader, José
_eil.
_956560
830 0 _aBiografías dominicanas Tobogán
_9769
910 _aYL
942 _2ddc
_cLBS1
999 _c46270
_d46270